ARRUPE JESUIT UNIVERSITY

CORONAVIRUS -STOP THE SPREAD - CLEAN,DISINFECT,COVER

The Horizon book of daily life ancient Egypt (Record no. 16350)

MARC details
000 -LEADER
fixed length control field 00572nam a2200217Ia 4500
003 - CONTROL NUMBER IDENTIFIER
control field 0100
005 - DATE AND TIME OF LATEST TRANSACTION
control field 20180129101708.0
008 - FIXED-LENGTH DATA ELEMENTS--GENERAL INFORMATION
fixed length control field 130303s9999 xx 000 0 und d
020 ## - INTERNATIONAL STANDARD BOOK NUMBER
International Standard Book Number 70102171
040 ## - CATALOGING SOURCE
Transcribing agency ARRUPELIB
050 ## - LIBRARY OF CONGRESS CALL NUMBER
Classification number DT61.C34
300 ## - PHYSICAL DESCRIPTION
Other physical details 29cm.
100 ## - MAIN ENTRY--PERSONAL NAME
Personal name Casson, Lionel, 1914-
9 (RLIN) 38987
245 #4 - TITLE STATEMENT
Title The Horizon book of daily life ancient Egypt
260 ## - PUBLICATION, DISTRIBUTION, ETC. (IMPRINT)
Place of publication, distribution, etc New York
Name of publisher, distributor, etc American Heritage Pub. Co.
Date of publication, distribution, etc 1975
300 ## - PHYSICAL DESCRIPTION
Extent 128p.
440 ## - SERIES STATEMENT/ADDED ENTRY--TITLE
Title Daily life in five great ages of history
9 (RLIN) 38988
700 ## - ADDED ENTRY--PERSONAL NAME
Personal name Lionel Casson
9 (RLIN) 38990
942 ## - ADDED ENTRY ELEMENTS (KOHA)
Source of classification or shelving scheme Library of Congress Classification
Koha item type Monograph ( Printed materials)
Holdings
Withdrawn status Lost status Source of classification or shelving scheme Damaged status Not for loan Collection code Home library Current library Shelving location Date acquired Total Checkouts Full call number Barcode Date last seen Date checked out Copy number Price effective from Koha item type
    Library of Congress Classification     Main Collection ARRUPE LIBRARY ARRUPE LIBRARY   04/03/2013 6 DT61.C34 46003040873 20/05/2024 08/02/2024 1 04/03/2013 Monograph ( Printed materials)

 

Arrupe Library. PO Box MP320 Mt Pleasant, Harare, Zimbabwe
263 242 745411|librarian@aju.ac.zw